000
00296nam a2200097Ia 4500
008
200302s9999 xx 000 0 und d
100
_a
David Fernandez Garcia
245
_a
Wrought Iron Furniture Mueble Auxiliar Auxiliar Furniture
260
_b
Daly Technical Books Publishers Ltd.,
300
_a
80 P.,
999
_c
1560
_d
1560